Lessons and Inferences from the Characteristics of Recent Wars/ (Record no. 213733)

MARC details
000 -LEADER
fixed length control field 00640nam a22001937a 4500
005 - DATE AND TIME OF LATEST TRANSACTION
control field 20251107165755.0
010 ## - LCCN (DPL NO)
LC control number ENG-147033
020 ## - INTERNATIONAL STANDARD BOOK NUMBER
Terms of availability 1480.00
International Standard Book Number 9788198665881
035 ## - SYSTEM CONTROL NUMBER
System control number EN-130565
037 ## - SOURCE OF ACQUISITION
Source of stock number/acquisition DBAD
082 ## - DEWEY DECIMAL CLASSIFICATION NUMBER
Classification number 947.7086
Edition number 1
245 ## - TITLE STATEMENT
Title Lessons and Inferences from the Characteristics of Recent Wars/
Statement of responsibility, etc Edited By Gautam Banerjee
250 ## - EDITION STATEMENT
Edition statement 1
260 ## - PUBLICATION, DISTRIBUTION, ETC. (IMPRINT)
Place of publication, distribution, etc New Delhi
Name of publisher, distributor, etc KW Publishers Pvt Ltd
Date of publication, distribution, etc 2026
270 ## - ADDRESS
City New Delhi
Address KW Publishers Pvt Ltd;
Postal code 110002
Telephone number 91 1143528107
-- 91 1143528107
300 ## - PHYSICAL DESCRIPTION
Extent xiv, 290p.
Dimensions 24cm(hb)
700 ## - ADDED ENTRY--PERSONAL NAME
Personal name Banerjee, Gautam
Relator term Editor
9 (RLIN) 85633
942 ## - ADDED ENTRY ELEMENTS (KOHA)
Source of classification or shelving scheme Dewey Decimal Classification
Item type English Books
Classification part 947.7086
Call number suffix LES
Holdings
Withdrawn status Lost status Not for loan Collection code Home library Current library Date acquired Source of acquisition Cost, normal purchase price Full call number Barcode Copy number Cost, replacement price Koha item type
      Non-fiction Mobile Library Mobile Library 07/11/2025 Delivery of Books Act Division 1480.00 947.7086 LES EN-130565 1 1480.00 English Books

© Delhi Public Library
Hit Counter
free hit counter